Statistics for Island Geography by Letter – G

Click here to take the quiz!

General Stats

  • This quiz has been taken 76 times
  • The average score is 11 of 18

Answer Stats

HintAnswer% Correct
Earth's largest islandGreenland
100%
Biggest city in ScotlandGlasgow
99%
Crete and Lesbos are located in this countryGreece
99%
Caribbean country nicknamed 'the Spice Isle'Grenada
91%
Ecuadorian archipelago famous for spectacular endemic wildlife and volcanic activityGalápagos Islands
90%
American island 500km from the Mariana TrenchGuam
83%
Island on which the above is locatedGreat Britain
80%
British channel island off the coast of NormandyGuernsey
80%
French Caribbean region consisting of two main islands, Grande-terre and Basse-terreGuadeloupe
75%
Island chain which includes Hispaniola and JamaicaGreater Antilles
67%
Archipelago between the above and Saint VincentGrenadines
59%
Second largest of the Canary IslandsGran Canaria
58%
Language of KiribatiGilbertese
42%
Danish name by which Nuuk, the capital of the above, was formerly knownGodthab
19%
Australian island which means 'big island' in archaic DutchGroote Eylandt
13%
Major city on the southern tip of Sri LankaGalle
10%
British island, a dependency of Tristan da CunhaGough Island
10%
Island chain comprising Sumatra, Java, Borneo and SulawesiGreater Sunda Islands
6%

Score Distribution

Percentile by Number Answered

Percent of People with Each Score

Your Score History

You have not taken this quiz